Resistance, freedom and empowerment : the Ethiopian women's struggle (Record no. 10278)
[ view plain ]
| 000 -LEADER | |
|---|---|
| fixed length control field | 00421nam a22001577a 4500 |
| 003 - CONTROL NUMBER IDENTIFIER | |
| control field | OSt |
| 005 - DATE AND TIME OF LATEST TRANSACTION | |
| control field | 20211007104838.0 |
| 008 - FIXED-LENGTH DATA ELEMENTS--GENERAL INFORMATION | |
| fixed length control field | 211007b |||||||| |||| 00| 0 eng d |
| 020 ## - INTERNATIONAL STANDARD BOOK NUMBER | |
| International Standard Book Number | 139789351250289 |
| 040 ## - CATALOGING SOURCE | |
| Transcribing agency | HU |
| 082 ## - DEWEY DECIMAL CLASSIFICATION NUMBER | |
| Edition number | 23 |
| Classification number | 305.420963 |
| 100 ## - MAIN ENTRY--PERSONAL NAME | |
| Personal name | Gennet Zewide |
| 9 (RLIN) | 11125 |
| 245 ## - TITLE STATEMENT | |
| Title | Resistance, freedom and empowerment : the Ethiopian women's struggle |
| 300 ## - PHYSICAL DESCRIPTION | |
| Extent | Xiv268 |
| Other physical details | HC |
| Dimensions | 22cm |
| 942 ## - ADDED ENTRY ELEMENTS (KOHA) | |
| Source of classification or shelving scheme | Dewey Decimal Classification |
| Koha item type | Books like text book referance book |
| Suppress in OPAC | No |
| Withdrawn status | Lost status | Source of classification or shelving scheme | Damaged status | Not for loan | Collection code | Home library | Current library | Shelving location | Date acquired | Total Checkouts | Full call number | Barcode | Date last seen | Copy number | Price effective from | Koha item type |
|---|---|---|---|---|---|---|---|---|---|---|---|---|---|---|---|---|
| Dewey Decimal Classification | Reference | Wondo Genet Library | Wondo Genet Library | General Stacks | 10/07/2021 | 305.420963GEN 2014 | WGCFNRL00003065 | 10/07/2021 | 1 | 10/07/2021 | Books like text book referance book | |||||
| Dewey Decimal Classification | Reference | Wondo Genet Library | Wondo Genet Library | General Stacks | 10/07/2021 | 305.420963GEN 2014 | WGCFNRL00003066 | 10/07/2021 | 2 | 10/07/2021 | Books like text book referance book | |||||
| Dewey Decimal Classification | Reference | Wondo Genet Library | Wondo Genet Library | General Stacks | 10/07/2021 | 305.420963GEN 2014 | WGCFNRL00003067 | 10/07/2021 | 3 | 10/07/2021 | Books like text book referance book | |||||
| Dewey Decimal Classification | Reference | Wondo Genet Library | Wondo Genet Library | General Stacks | 10/07/2021 | 305.420963GEN 2014 | WGCFNRL00003068 | 10/07/2021 | 4 | 10/07/2021 | Books like text book referance book | |||||
| Dewey Decimal Classification | Reference | Wondo Genet Library | Wondo Genet Library | General Stacks | 10/07/2021 | 305.420963GEN 2014 | WGCFNRL00003069 | 10/07/2021 | 5 | 10/07/2021 | Books like text book referance book |